| 000 | 01519cam a2200289 4500 | ||
|---|---|---|---|
| 001 | J125422 | ||
| 008 | 040316n2004 000 0 eng u | ||
| 035 | _a(Sirsi) u125422 | ||
| 041 | _aeng | ||
| 050 |
_a333.332 _c18 |
||
| 110 |
_aRoyal Institution of Chartered Surveyors _94900 |
||
| 245 | _aSpecification for residential mortgage valuation | ||
| 250 | _aRev. ed. | ||
| 260 |
_aLondon _bRICS _c2004 |
||
| 300 |
_a13p. _c21x10cm. |
||
| 350 | _a20 | ||
| 520 | _aThis specification applies to the valuation of residential property for mortgage purposes on behalf of building societies, banks and other lenders, unless varied by the lender's standard terms of engagement and standard report form. Covers the valuer's role, the terms of engagement, the valuer's inspection, the valuation, the report, re-inspections, further advances, buy-to-let and external appraisals. Effective from 1 May 2003. | ||
| 520 | _aReproduced in "RICS appraisal and valuation standards" (ISBN 1842191233). | ||
| 520 | _aSupersedes "RICS/ISVA specification for the valuation and inspection of residential property for mortgage purposes on behalf of building societies, banks and other lenders" (M90430). | ||
| 520 | _aWithdrawn November 2007. | ||
| 650 | _aMORTGAGE VALUATION | ||
| 650 | _aRICS appraisal and valuation standards | ||
| 650 |
_aRESIDENTIAL PROPERTY _96266 |
||
| 690 | _aPROPERTY-RESIDENTIAL PROPERTY-RESIDENTIAL PROPERTY APPRAISAL AND VALUATION | ||
| 710 |
_aCouncil of Mortgage Lenders _95903 |
||
| 942 | _n0 | ||
| 999 |
_c103385 _d103385 |
||